FC Bayern München Kader Saison 2023/2024 - Statistiken

Allgemein
  • Dieses Quiz wurde 384 mal gespielt
  • Das Durchschnittsergebnis liegt bei 22 aus 26
Antwortstatistiken
Nummer Nation Spieler % Korrekt
1 Deutschland Manuel Neuer
100%
9 England Harry Kane
98%
3 Südkorea Min-Jae Kim
98%
6 Deutschland Joshua Kimmich
96%
10 Deutschland Leroy Sané
96%
25 Deutschland Thomas Müller
96%
11 Frankreich Kingsley Coman
95%
8 Deutschland Leon Goretzka
95%
4 Niederlande Matthijs de Ligt
95%
7 Deutschland Serge Gnabry
95%
19 Kanada Alphonso Davies
94%
2 Frankreich Dayot Upamecano
93%
42 Deutschland Jamal Musiala
93%
27 Österreich Konrad Laimer
88%
26 Deutschland Sven Ulreich
88%
39 Frankreich Mathys Tel
87%
15 England Eric Dier
83%
13 Kamerun Eric-Maxim Choupo-Moting
83%
40 Marokko Noussair Mazraoui
80%
45 Deutschland Aleksandar Pavlovic
73%
20 Senegal Bouna Sarr
73%
22 Portugal Raphael Guerreiro
73%
18 Israel Daniel Peretz
69%
41 Deutschland Frans Krätzig
54%
28 Deutschland Tarek Buchmann
34%
43 Deutschland Tom Hülsmann
25%
Keine übereinstimmenden Quizze gefunden
Verteilung der Resultate
Anzahl Personen mit jedem Resultat
Perzentil nach korrekt beantworteten Fragen
Ihre Resultats-Entwicklung
Sie haben dieses Quiz noch nicht gespielt